पोलिओ; पॅरॅलिसीस पारकिनसन्स्र. (Record no. 272821)

MARC details
000 -LEADER
fixed length control field 00815nam a2200181Ia 4500
008 - FIXED-LENGTH DATA ELEMENTS--GENERAL INFORMATION
fixed length control field 090630s9999 xx 000 0 und d
082 ## - DEWEY DECIMAL CLASSIFICATION NUMBER
Item number 20965
100 ## - MAIN ENTRY--PERSONAL NAME
Personal name जायस्वाल जयनारायण.
245 ## - TITLE STATEMENT
Title पोलिओ; पॅरॅलिसीस पारकिनसन्स्र.
Statement of responsibility, etc जायस्वाल जयनारायण.
260 ## - PUBLICATION, DISTRIBUTION, ETC. (IMPRINT)
Name of publisher, distributor, etc गोपाळ ग्रंथ - पुणे.
300 ## - PHYSICAL DESCRIPTION
Extent 0
600 ## - SUBJECT ADDED ENTRY--PERSONAL NAME
Personal name जायस्वाल जयनारायण.
630 ## - SUBJECT ADDED ENTRY--UNIFORM TITLE
Uniform title पोलिओ; पॅरॅलिसीस पारकिनसन्स्र.
655 ## - INDEX TERM--GENRE/FORM
Genre/form data or focus term इतर.
700 ## - ADDED ENTRY--PERSONAL NAME
Personal name जायस्वाल जयनारायण.
730 ## - ADDED ENTRY--UNIFORM TITLE
Uniform title पोलिओ; पॅरॅलिसीस पारकिनसन्स्र.
942 ## - ADDED ENTRY ELEMENTS (KOHA)
Koha item type Book
Holdings
Withdrawn status Lost status Damaged status Not for loan Home library Current library Date acquired Cost, normal purchase price Total Checkouts Full call number Barcode Date last seen Cost, replacement price Price effective from Koha item type
        Sarvajanik Wachanalaya Shrivardhan Sarvajanik Wachanalaya Shrivardhan 02/08/2004 40.00   20965 SAWASHRI-20965 06/30/2009 40.00 06/30/2009 Book